000 00271nam a22001217a 4500
008 170818b xxu||||| |||| 00| 0 eng d
041 _aeng
080 _a51
100 _a37
101 _aMAT
245 _aLINEAR ALGEBRA WITH APPLICATIONS
_cFULLER,L.E
942 _2udc
_cBK
999 _c24065
_d24065